Languages Starting with T by Clue - Statistics

General Stats
  • This quiz has been taken 14 times
  • The average score is 10 of 14
Answer Stats
Clue Language % Correct
Atatürk's native language Turkish
100%
Also known as Filipino Tagalog
92%
Second most common native language in Russia Tatar
85%
The language of the Dalai Lama, spoken by over 6 million people Tibetan
85%
Main language spoken in Ashgabat Turkmen
85%
Dravidian language that is one of the oldest languages in the world Tamil
77%
Southeast Asian language with 44 consonants and 32 vowels Thai
77%
One of 12 official languages of South Africa, also spoken in Botswana Tswana
77%
Commonly spoken in Papeete besides French Tahitian
69%
Official language of Tuvalu Tuvaluan
69%
Indian language known as the "Italian of the East" Telugu
62%
Polynesian language known as "Lea Fakatonga" Tongan
62%
Persian language that uses the Cyrillic alphabet Tajik
54%
Widely spoken in East Timor Tetum
54%
No matching quizzes found
Score Distribution
Percent of People with Each Score
Percentile by Number Answered
Your Score History
You have not taken this quiz